One piece par la lettre A - Statistiques

Statistiques générales
  • Ce quiz a été pris 467 fois
  • Le résultat moyen est 9 sur 15
Statistiques - réponses
Indice Repony % Correct
Homme-poisson du début de l'oeuvre Arlong
100%
Pays de la princesse Vivi Alabasta
98%
Ancien amiral de la marine Aokiji
93%
Amiral de la marine Akainu
89%
Première antagoniste Alvida
79%
Ancien possesseur du fruit de l'invisibilité Absalom
75%
Ile des femmes Amazon Lily
71%
Pirate de la génération terrible Apoo
69%
Un fourreau rouge Ashura
45%
Homme-poisson, marié à une fille de Big Mom Aladdin
44%
Fille de Big Mom Amande
33%
Fruit de Baby 5 Armo fruit
28%
Jeune fille shandia Aisa
20%
Chasseur de prime présent au Colisée de Dressrosa Abdullah
18%
Habitante de l'île des femmes Aphelandra
18%
Aucun quiz correspondant
Distribution des résultats
% des personnes avec chaque résultat
Percentile par nombre de réponses
Votre historique - résultats
Vous n’avez pas pris ce quiz